000 00569cam a22002171 4500
001 sa 68010473
003 DLC
005 20260227112552.0
008 880930s1967 ii ac 000 0 eng
010 _asa 68010473
025 _aPL480:I-E-10019
035 _a(OCoLC)18548606
040 _aDLC
_cMiEM
_dDLC
042 _apremarc
050 0 0 _aDS485.T8
_bA57
110 1 _aTripura, India (Union Ter.).
_bPublicity Department.
245 1 0 _aThis is Tripura.
260 _a[Agartala?
_c1967]
300 _a46 p.
_billus., ports.
_c22 cm.
651 0 _aTripura (India)
999 _c83403
_d83403